| 000 | 01395nam a22004217a 4500 | ||
|---|---|---|---|
| 001 | 1916044 | ||
| 003 | OSt | ||
| 005 | 20210426095751.0 | ||
| 008 | 851202s1986 cauk b 001 0 eng c | ||
| 010 | _a 85030619 | ||
| 020 | _a020112582X (pbk.) | ||
| 040 |
_aDNLM/DLC _cDLC _deng _beng |
||
| 041 | _aeng | ||
| 050 | 0 | 0 |
_aRA564.85 _b.K47 1986 |
| 060 | 0 | _aWY 156.7 G853c | |
| 080 |
_a614 _bK-33 |
||
| 082 | 0 | 0 |
_a613/.04244 _219 |
| 245 | 0 | 0 |
_aContemporary women's health : _ba nursing advocacy approach / _c/ by: Addison-Wesley, Health Sciences Division |
| 260 |
_aMenlo Park, Calif. : _bAddison-Wesley, Health Sciences Division _cc1986. |
||
| 300 |
_axiv, 642 p. : _bforms ; _c24 cm. |
||
| 500 | _aIncludes index. | ||
| 504 | _aBibliography: p. 623-633. | ||
| 650 | 0 |
_aWomen _xHealth and hygiene. |
|
| 650 | 0 |
_aPublic Health _9337 |
|
| 650 | 0 | _aWomen's health services. | |
| 650 | 0 |
_aWomen _xDiseases. |
|
| 650 | 0 | _aNurse and patient. | |
| 650 | 2 |
_aGenital Diseases, Female _xnursing. |
|
| 650 | 2 |
_aHealth _xnurses' instruction. |
|
| 650 | 2 | _aLife Style. | |
| 650 | 2 | _aSocioeconomic Factors. | |
| 650 | 2 | _aWomen. | |
| 653 | _aსაზოგადოებრივი ჯანდაცვა | ||
| 653 | _aქალთა ჯანმრთელობა | ||
| 700 | 1 | _aGriffith-Kenney, Janet W. | |
| 906 |
_a7 _bcbc _corignew _d1 _eocip _f19 _gy-gencatlg |
||
| 942 |
_2udc _cBK |
||
| 999 |
_c878 _d878 |
||